Rumunov referendum o ústave nelákalo

Podrobná bibliografia
Hlavný autor: Morvay, Peter, 1968-2020 (Autor)
Médium: Článok
Jazyk:slovenčina
Fyzický popis:Fotogr.
ISBN:1335440X
Predmet:

MARC

LEADER 00000nab a2200000 a 4500
001 vtls000852557
003 SK-MaSNL
005 20260304053549.0
008 160330c2003 xo 0 slo
015 |a SNBRB2003/11-32226 
035 |a CLN000204212 
040 |a SNKBUCL  |b slo  |c SNKBUCL  |e AACR2 
041 0 |a slo 
044 |a xo  |c SK 
080 |a 342.573(498):342.4  |2 1997 
080 |a 323(498)  |2 1997 
100 1 |a Morvay, Peter,  |d 1968-2020  |4 aut  |9 197202 
245 1 0 |a Rumunov referendum o ústave nelákalo  |c Peter Morvay 
300 |b Fotogr. 
650 0 7 |a referendum  |z Rumunsko  |y 2003  |2 snkbucl  |9 1337902 
651 7 |a Rumunsko  |2 snkbucl  |9 17409 
655 7 |a články z novín a časopisov  |2 snkbucl  |9 267496 
773 0 |z 1335440X  |t Sme  |g Roč. 11, č. 241 (20.10.2003), s. 11 
850 |a Slovenská národná knižnica v Martine 
852 |a SNK  |b KIS3GCP 
958 |a RO 
958 |a RBX 
999 |c 2714023  |d 2715953